000 01218cam a22003011ia4500
003 SA-RiAUC
005 20250827064431.0
008 250406s2003____su g 00010 ara c
020 _a9960101010 (المجموعة)
020 _a9960101029 (الجزء 12)
040 _aSA-JeALM
_bara
_cSA-RiAUC
_erda
043 _aa-su---
082 0 4 _a953.118
_qSA-RiAUC
090 _a953.118
_bش و ي
100 1 _aالشويعر، محمد بن سعد،
_d1359 هجري-
_eمؤلف.
245 1 0 _aشقراء :
_bمدينة وتاريخ /
_cتأليف محمد بن سعد الشويعر.
250 _aالطبعة الثانية.
264 1 _aالرياض :
_bمحمد بن سعد الشويعر،
_c2003
300 _a2 مجلد ؛
_c24 سم.
336 _aنص
_btxt
_2rdacontent
_3كتاب
337 _aبدون وسيط
_bn
_2rdamedia
338 _aمجلد
_bnc
_2rdacarrier
490 0 _aفصول من تاريخ المملكة العربية السعودية ؛
_v2
500 _aاهداء من المؤلف محمد بن سعد الشويعر بتاريخ 24 / 7 / 1426 هـ
651 7 _aشقراء (السعودية)
_xتاريخ
_2aucsh
942 _2ddc
_cBOOK
_n0
949 _aSA-JeALM
_d250406
_uosman123
_n1
999 _c6721
_d6721